[Event "Rochefort Master 2018"]
[Site "Palais des Congrès de Rochefort"]
[Date "2018.02.17"]
[Round "1.9"]
[White "Jimenez Martinez, Dario Alberto"]
[Black "Martinez Duany, Lelys Stanley"]
[Result "0-1"]
[WhiteElo "2076"]
[BlackElo "2509"]
[Annotator "chris"]
[PlyCount "123"]
[EventDate "2018.02.18"]

1. Nf3 c5 2. d3 Nc6 3. g3 d5 4. Bg2 e5 5. O-O Be7 6. e4 d4 7. a4 g5 8. Nbd2 g4
9. Ne1 h5 10. Nc4 Nh6 11. f4 f6 12. f5 Na5 13. Nxa5 Qxa5 14. Bd2 Qa6 15. b3 Bd7
16. Rf2 O-O-O 17. Bf1 Bf8 18. Ng2 Nf7 19. Nh4 Bh6 20. Bxh6 Rxh6 21. Qd2 Qd6 22.
a5 Ng5 23. Bg2 Rh7 24. Kf1 Kb8 25. Ke1 Rc8 26. Kf1 Rc6 27. Ke2 Ra6 28. Rff1 Bc8
29. Rfb1 b5 30. axb6 axb6 31. Rxa6 Bxa6 32. Ra1 Ra7 33. Qc1 Qc7 34. Kf2 Bb5 35.
Ng6 Be8 36. Rxa7 Kxa7 37. Nh4 Kb8 38. Qa1 Kb7 39. Bf1 Qg7 40. Kg2 Nf7 41. Qc1
Bc6 42. Kg1 Ng5 43. Bg2 Kb8 44. Kh1 Qa7 45. Ng6 Kc7 46. Kg1 Nf7 47. h3 Kd6 48.
hxg4 hxg4 49. Bf1 b5 50. Be2 c4 51. bxc4 Bxe4 52. Bxg4 Ba8 53. cxb5 Kd7 54. Nh4
Ng5 55. Kh2 Qa5 56. Qd1 Qxb5 57. Nf3 Qb7 58. Nh4 Ke7 59. Qf1 Kf7 60. Bh3 Qc6
61. Qd1 Nf3+ 62. Qxf3 0-1

[Event "Rochefort Master 2018"]
[Site "Palais des Congrès de Rochefort"]
[Date "2018.02.17"]
[Round "1.10"]
[White "Gabrielian, Artur"]
[Black "Lauron, Wesley"]
[Result "1-0"]
[WhiteElo "2502"]
[BlackElo "2067"]
[PlyCount "45"]
[EventDate "2018.02.18"]
[BlackTeam "Union Saint Bruno-Bordeaux Echecs"]

1. Nf3 Nf6 2. g3 e6 3. Bg2 d5 4. O-O Be7 5. d4 O-O 6. c4 dxc4 7. Na3 c5 8. dxc5
Nc6 9. Nxc4 Bxc5 10. a3 a5 11. Qc2 Qe7 12. Bf4 h6 13. Rac1 Nd5 14. Bd2 a4 15.
e4 Nc7 16. Rfd1 Nb5 17. Be3 Bxe3 18. Nxe3 Nc7 19. Nc4 Ra6 20. Bf1 b5 21. Nce5
Nxe5 22. Nxe5 Ne8 23. Qxc8 1-0

[Event "Rochefort Master 2018"]
[Site "Palais des Congrès de Rochefort"]
[Date "2018.02.17"]
[Round "1.11"]
[White "Pottier, Simeon"]
[Black "Castellanos Rodrigue, Renier"]
[Result "0-1"]
[WhiteElo "2056"]
[BlackElo "2501"]
[PlyCount "108"]
[EventDate "2018.02.18"]
[WhiteTeam "LEC Echiquier Limousin"]

1. d4 Nf6 2. c4 e6 3. Nc3 Bb4 4. e3 O-O 5. Bd3 d5 6. Nf3 dxc4 7. Bxc4 c5 8. O-O
cxd4 9. exd4 Nbd7 10. Qe2 Bxc3 11. bxc3 Qc7 12. Bd2 b6 13. Rfe1 Bb7 14. Bd3
Rac8 15. Ne5 Nxe5 16. Qxe5 Qxe5 17. Rxe5 Bd5 18. a4 Bc4 19. Bc2 Nd5 20. f4 g6
21. g4 f6 22. Ree1 Kf7 23. f5 exf5 24. gxf5 Ne7 25. a5 b5 26. Re3 Nxf5 27. Bxf5
gxf5 28. Rae1 Rg8+ 29. Kf2 Rc7 30. Rh3 Rg7 31. Rg3 Rxg3 32. hxg3 Bd5 33. Ke3
Rc8 34. Kf4 Rg8 35. Kxf5 Rxg3 36. Re3 Rg2 37. Be1 Rg1 38. Kf4 a6 39. Re2 Bc4
40. Re3 h5 41. Bf2 Rf1 42. Kf3 Ra1 43. Ke4 Rxa5 44. d5 Ra2 45. Bg3 Rd2 46. d6
a5 47. Kf5 Be6+ 48. Ke4 a4 49. Re1 a3 50. Ke3 Rg2 51. Bf4 a2 52. Rd1 Ke8 53.
Kd4 Rg4 54. Ke3 Kd7 0-1

[Event "Rochefort Master 2018"]
[Site "Palais des Congrès de Rochefort"]
[Date "2018.02.17"]
[Round "1.12"]
[White "Enchev, Ivajlo"]
[Black "Lopez Gomez, Jose Pablo"]
[Result "1-0"]
[WhiteElo "2492"]
[BlackElo "2055"]
[Annotator "chris"]
[PlyCount "53"]
[EventDate "2018.02.18"]
[BlackTeam "C.E.I. Toulouse"]

1. d4 e6 2. Nf3 f5 3. Nc3 Bb4 4. d5 Qf6 5. Bd2 d6 6. dxe6 Bxe6 7. a3 Ba5 8. b4
Bb6 9. e4 Nh6 10. Bd3 Nc6 11. O-O O-O 12. Nd5 Bxd5 13. exd5 Ne5 14. Be2 Rae8
15. a4 Nhg4 16. Nxe5 Qxe5 17. Bxg4 fxg4 18. a5 Bd4 19. c3 Bxc3 20. Bxc3 Qxc3
21. a6 bxa6 22. Rc1 Qxb4 23. Rxc7 Re5 24. Qd3 Ref5 25. Qe3 Qb6 26. Qe6+ Kh8 27.
Qxf5 1-0

[Event "Rochefort Master 2018"]
[Site "Palais des Congrès de Rochefort"]
[Date "2018.02.17"]
[Round "1.13"]
[White "Boulet, Philippe"]
[Black "Miron, Lucian-Costin"]
[Result "0-1"]
[WhiteElo "2049"]
[BlackElo "2489"]
[PlyCount "58"]
[EventDate "2018.02.18"]
[WhiteTeam "Esbarres Bonnencontre Echecs"]
[BlackTeam "Echiquier Medocain"]

1. d4 d5 2. c4 e6 3. Nc3 c6 4. e4 dxe4 5. Nxe4 Bb4+ 6. Nc3 e5 7. Be3 Qa5 8.
Nge2 Nf6 9. a3 Be7 10. b4 Qc7 11. h3 O-O 12. dxe5 Qxe5 13. Qd4 Nbd7 14. g4 c5
15. bxc5 Bxc5 16. Qxe5 Nxe5 17. Bxc5 Nd3+ 18. Kd1 Nxc5 19. Bg2 Be6 20. g5 Nfd7
21. Nd5 Ne5 22. Kc2 Nxc4 23. Kc3 Nd6 24. Rad1 Nce4+ 25. Kb2 Rad8 26. Rd4 Bxd5
27. Rxd5 Nc4+ 28. Kb3 Ncd2+ 29. Rxd2 Rxd2 0-1

[Event "Rochefort Master 2018"]
[Site "Palais des Congrès de Rochefort"]
[Date "2018.02.17"]
[Round "1.14"]
[White "Dimitrov, Radoslav"]
[Black "Valette, Christian"]
[Result "1-0"]
[WhiteElo "2478"]
[BlackElo "2017"]
[PlyCount "75"]
[EventDate "2018.02.18"]
[BlackTeam "Club d'Echecs d'Avoine"]

1. Nc3 e6 2. Nf3 Nf6 3. d4 d5 4. Bg5 Be7 5. Bxf6 Bxf6 6. e4 c5 7. Bb5+ Nc6 8.
exd5 exd5 9. dxc5 Bxc3+ 10. bxc3 O-O 11. O-O Bg4 12. h3 Bh5 13. Rb1 Rc8 14.
Bxc6 Rxc6 15. Rxb7 Rxc5 16. Rxa7 Qb6 17. Ra3 Rfc8 18. Re1 h6 19. Re3 Qb2 20.
Rb3 Qxa2 21. g4 Bg6 22. Nd4 Qa5 23. Qe1 Kh7 24. h4 h5 25. gxh5 Bxh5 26. Re5 g6
27. Rb7 R8c7 28. Nb3 Qxc3 29. Nxc5 Qxc5 30. Rxc7 Qxc7 31. Re7 Qf4 32. Qe3 Qg4+
33. Qg3 Qf5 34. Qg5 Qf3 35. c3 Bg4 36. Qe3 Qd1+ 37. Kg2 Be6 38. Qxe6 1-0

[Event "Rochefort Master 2018"]
[Site "Palais des Congrès de Rochefort"]
[Date "2018.02.17"]
[Round "1.15"]
[White "Giraud, Stephane"]
[Black "Gascon Del Nogal, Jose Rafael"]
[Result "0-1"]
[WhiteElo "2013"]
[BlackElo "2477"]
[PlyCount "78"]
[EventDate "2018.02.18"]
[WhiteTeam "Club d'Echecs de Marennes-Oleron"]

1. e4 g6 2. Nc3 Bg7 3. g3 c5 4. Bg2 Nc6 5. d3 d6 6. Be3 Rb8 7. Qd2 b5 8. Nge2
b4 9. Nd1 Nd4 10. O-O e6 11. f4 Ne7 12. g4 f5 13. gxf5 exf5 14. Ng3 O-O 15. c3
Ne6 16. exf5 Nxf5 17. Nxf5 Rxf5 18. Be4 Rf8 19. Qg2 bxc3 20. bxc3 Nc7 21. Bf3
Bf5 22. Rf2 Nb5 23. Rc1 Qa5 24. Bd2 Qa3 25. Bd5+ Kh8 26. Bc4 Nc7 27. Qc6 d5 28.
Qxc7 dxc4 29. d4 cxd4 30. Qxc4 Rfc8 31. Qe2 dxc3 32. Qe3 Re8 33. Qg3 Rbd8 34.
Rxc3 Bxc3 35. Bxc3+ Kg8 36. Nb2 Rc8 37. Nd1 Red8 38. Rf1 Rd3 39. Qg2 Qc5+ 0-1

[Event "Rochefort Master 2018"]
[Site "Palais des Congrès de Rochefort"]
[Date "2018.02.17"]
[Round "2.6"]
[White "Saada, Julien"]
[Black "Solodovnichenko, Yuri"]
[Result "1/2-1/2"]
[WhiteElo "2283"]
[BlackElo "2528"]
[PlyCount "116"]
[EventDate "2018.02.18"]
[WhiteTeam "Poitiers-Migne Echecs"]
[BlackTeam "Vandoeuvre-Echecs"]

1. d4 Nf6 2. Bg5 c5 3. d5 Qb6 4. Nc3 Qxb2 5. Bd2 Qb6 6. e4 d6 7. f4 Nbd7 8. Nf3
g6 9. e5 dxe5 10. fxe5 Ng4 11. Bb5 Bg7 12. Rb1 Qc7 13. e6 O-O 14. exd7 Bxd7 15.
Bxd7 Qxd7 16. h3 Nf6 17. O-O Nxd5 18. Nxd5 Qxd5 19. Bg5 Qxd1 20. Rfxd1 f6 21.
Be3 b6 22. Rd7 e5 23. Rbd1 e4 24. Nd2 f5 25. g3 Rfd8 26. Nc4 Bd4 27. Rxd8+ Rxd8
28. Kf1 Bf6 29. Rxd8+ Bxd8 30. Bf4 a6 31. Nd6 b5 32. c4 bxc4 33. Nxc4 Kf7 34.
Bd6 Be7 35. Ke2 Bxd6 36. Nxd6+ Ke6 37. Ne8 Ke5 38. h4 h6 39. a4 a5 40. Nc7 g5
41. h5 f4 42. gxf4+ gxf4 43. Nb5 c4 44. Kd2 Kd5 45. Nc3+ Kd4 46. Ne2+ Ke5 47.
Nc3 e3+ 48. Ke2 Kd4 49. Nb5+ Kc5 50. Nc3 Kb4 51. Nd5+ Kxa4 52. Nxf4 Kb3 53.
Kxe3 a4 54. Ne2 a3 55. Kd2 Kb2 56. Nc3 Kb3 57. Ne2 Kb2 58. Nc3 Kb3 1/2-1/2

[Event "Rochefort Master 2018"]
[Site "Palais des Congrès de Rochefort"]
[Date "2018.02.17"]
[Round "2.7"]
[White "Shyam, Sundar M"]
[Black "Saenz Narciso, Miguel Angel"]
[Result "1-0"]
[WhiteElo "2521"]
[BlackElo "2243"]
[PlyCount "72"]
[EventDate "2018.02.18"]

1. e4 c5 2. Nf3 g6 3. d4 cxd4 4. c3 Bg7 5. Bc4 d5 6. exd5 Nf6 7. Nxd4 O-O 8.
Nc2 Nbd7 9. Ne3 a6 10. a4 Rb8 11. a5 b5 12. axb6 Nxb6 13. Ba2 Qc7 14. O-O Rd8
15. c4 e6 16. Nc3 exd5 17. Ncxd5 Nfxd5 18. cxd5 Bb7 19. Qf3 Qc5 20. Rd1 Rd7 21.
Ng4 Nxd5 22. Nh6+ Kh8 23. Nxf7+ Rxf7 24. Qxf7 Rf8 25. Bxd5 Rxf7 26. Bxf7 Bd4
27. Be6 Bxf2+ 28. Kh1 Bd4 29. Bf4 g5 30. Rac1 Qb6 31. Bxg5 Qxe6 32. Rxd4 Qe5
33. Rd8+ Kg7 34. Rd7+ Kg6 35. Rxb7 Kxg5 36. b4 Qe4 1-0

[Event "Rochefort Master 2018"]
[Site "Palais des Congrès de Rochefort"]
[Date "2018.02.17"]
[Round "2.8"]
[White "Youssoupov, Moisse"]
[Black "Ider, Borya"]
[Result "0-1"]
[WhiteElo "2231"]
[BlackElo "2514"]
[PlyCount "68"]
[EventDate "2018.02.18"]
[WhiteTeam "La Tour de Caylus"]
[BlackTeam "Mulhouse Philidor"]

1. d4 Nf6 2. Bf4 g6 3. e3 Bg7 4. Nf3 d6 5. Be2 O-O 6. O-O b6 7. c4 Bb7 8. Nc3
Nbd7 9. Qc2 Nh5 10. Bg5 h6 11. Bh4 g5 12. Bxg5 hxg5 13. Nxg5 Nhf6 14. f4 Bh6
15. Bf3 c6 16. Qf2 Nh7 17. Qg3 Kh8 18. Nce4 f5 19. Qh3 Bxg5 20. Nxg5 Ndf6 21.
Bh5 e6 22. Bg6 Qe7 23. Rf3 Rad8 24. Qh4 Rd7 25. Rh3 c5 26. d5 exd5 27. Bxf5 Rc7
28. Bxh7 Nxh7 29. Qh5 Bc8 30. Rg3 dxc4 31. Rd1 Qf6 32. h3 Bf5 33. e4 Bg6 34.
Qh4 Bxe4 0-1

[Event "Rochefort Master 2018"]
[Site "Palais des Congrès de Rochefort"]
[Date "2018.02.17"]
[Round "2.9"]
[White "Martinez Duany, Lelys Stanley"]
[Black "Ringuet, Noe"]
[Result "1-0"]
[WhiteElo "2509"]
[BlackElo "2213"]
[PlyCount "101"]
[EventDate "2018.02.18"]
[BlackTeam "Echiquier de Picardie Maritime"]

1. e4 c5 2. Nf3 a6 3. c3 d5 4. exd5 Qxd5 5. d4 Nf6 6. Be2 e6 7. O-O Nc6 8. Be3
cxd4 9. Nxd4 e5 10. c4 Qd6 11. Nxc6 Qxc6 12. Nc3 Be6 13. Rc1 Rd8 14. Qb3 Be7
15. Bg5 O-O 16. Bf3 Qxc4 17. Nd5 Nxd5 18. Rxc4 Bxg5 19. h4 Bh6 20. Qc2 b5 21.
Bxd5 Bxd5 22. Rc5 Bxa2 23. Rd1 Be6 24. Rxe5 Rc8 25. Rc5 Bb3 26. Rxc8 Bxc2 27.
Rdd8 g6 28. Rxf8+ Bxf8 29. Rxc2 Be7 30. g3 Kg7 31. Rc6 a5 32. Rb6 b4 33. b3 Bd8
34. Rb8 Bc7 35. Rc8 Bb6 36. g4 Bd4 37. Ra8 Bb6 38. Kg2 Bc7 39. Rc8 Bd6 40. Rc6
Be7 41. Kg3 Kf8 42. Rc8+ Kg7 43. Ra8 Bd6+ 44. f4 Bc7 45. g5 Bb6 46. Rb8 Bc7 47.
Rb7 Bd8 48. Kg4 Kf8 49. h5 Ke8 50. h6 Kf8 51. Kf3 1-0

[Event "Rochefort Master 2018"]
[Site "Palais des Congrès de Rochefort"]
[Date "2018.02.17"]
[Round "2.10"]
[White "Jaksland, Tim"]
[Black "Gabrielian, Artur"]
[Result "1/2-1/2"]
[WhiteElo "2205"]
[BlackElo "2502"]
[PlyCount "98"]
[EventDate "2018.02.18"]

1. c4 Nf6 2. Nc3 g6 3. g3 d5 4. cxd5 Nxd5 5. Bg2 Nb6 6. d3 Bg7 7. Be3 Nc6 8.
Qd2 Nd4 9. Rc1 c6 10. Nf3 Nxf3+ 11. Bxf3 O-O 12. O-O a5 13. Bh6 e5 14. Bxg7
Kxg7 15. Rfd1 Re8 16. Qe3 Qd4 17. Qd2 Be6 18. Qc2 Qb4 19. a3 Qb3 20. Qxb3 Bxb3
21. Re1 f5 22. e3 Rad8 23. Bd1 Bf7 24. Bc2 c5 25. Na4 Nd7 26. Nc3 b6 27. Rb1
Re7 28. Ba4 Nf6 29. Bb5 Bb3 30. Rbc1 e4 31. dxe4 fxe4 32. Ba4 Bxa4 33. Nxa4 Rd6
34. Rcd1 Red7 35. Nc3 Rd2 36. Rxd2 Rxd2 37. Rb1 Rc2 38. h3 h5 39. Kf1 Rd2 40.
Ke1 Rd3 41. Ke2 c4 42. Rc1 g5 43. Rc2 Kg6 44. Nb5 Nd5 45. Rxc4 Rb3 46. Rc6+ Kg7
47. Nd6 Rxb2+ 48. Kf1 Rb1+ 49. Kg2 Rb2 1/2-1/2

[Event "Rochefort Master 2018"]
[Site "Palais des Congrès de Rochefort"]
[Date "2018.02.17"]
[Round "2.11"]
[White "Castellanos Rodrigue, Renier"]
[Black "Giacomini, Hector"]
[Result "1/2-1/2"]
[WhiteElo "2501"]
[BlackElo "2203"]
[PlyCount "46"]
[EventDate "2018.02.18"]
[BlackTeam "Echiquier Tourangeau"]

1. d4 d5 2. Nf3 Nf6 3. c4 e6 4. g3 c6 5. Bg2 Nbd7 6. O-O Bd6 7. Nfd2 O-O 8. Nc3
Be7 9. e4 dxe4 10. Ndxe4 Nxe4 11. Nxe4 e5 12. d5 f5 13. Nc3 e4 14. f3 exf3 15.
Qxf3 Ne5 16. Qe2 Bf6 17. Kh1 Re8 18. Qc2 Bd7 19. Ne2 Qb6 20. Nf4 g6 21. b3 Ng4
22. Rb1 Bd4 23. Bf3 Ne3 1/2-1/2

[Event "Rochefort Master 2018"]
[Site "Palais des Congrès de Rochefort"]
[Date "2018.02.17"]
[Round "2.12"]
[White "Sgircea, Silvia-Raluca"]
[Black "Enchev, Ivajlo"]
[Result "0-1"]
[WhiteElo "2193"]
[BlackElo "2492"]
[Annotator "chris"]
[PlyCount "102"]
[EventDate "2018.02.18"]

1. Nf3 Nf6 2. c4 e6 3. d4 d5 4. g3 Bb4+ 5. Bd2 Be7 6. Bg2 c6 7. Qc2 O-O 8. O-O
Nbd7 9. Bf4 b6 10. cxd5 cxd5 11. Rc1 Bb7 12. Nbd2 Rc8 13. Qd1 Rc6 14. Rxc6 Bxc6
15. Rc1 Qa8 16. Ne1 Rc8 17. Nd3 Bb5 18. Nf3 Rxc1 19. Qxc1 Bxd3 20. exd3 Qb7 21.
Ne5 Nb8 22. Bh3 Nfd7 23. a3 Nxe5 24. dxe5 Nc6 25. b4 a5 26. b5 Nd4 27. Qb2 Bc5
28. Bg4 a4 29. Bd1 Qd7 30. Bxa4 Qa7 31. Bd1 Qxa3 32. Qxa3 Bxa3 33. Be3 Bc5 34.
Bxd4 Bxd4 35. Kg2 Bxe5 36. f4 Bd4 37. f5 exf5 38. Bf3 g5 39. h3 Kg7 40. g4 fxg4
41. hxg4 h5 42. gxh5 f5 43. Bxd5 g4 44. Kg3 Be3 45. Be6 Kf6 46. Bd7 Kg5 47. h6
f4+ 48. Kg2 Kh4 49. h7 f3+ 50. Kf1 Bd4 51. Bc6 Kg3 0-1

[Event "Rochefort Master 2018"]
[Site "Palais des Congrès de Rochefort"]
[Date "2018.02.17"]
[Round "2.13"]
[White "Miron, Lucian-Costin"]
[Black "Devallee, Jeremie"]
[Result "1/2-1/2"]
[WhiteElo "2489"]
[BlackElo "2186"]
[PlyCount "46"]
[EventDate "2018.02.18"]
[WhiteTeam "Echiquier Medocain"]
[BlackTeam "Chartres Metropole Echecs"]

1. d4 Nf6 2. c4 c5 3. d5 b5 4. cxb5 a6 5. e3 g6 6. Nc3 Bg7 7. a4 O-O 8. Nf3 d6
9. Bd2 Bb7 10. Bc4 axb5 11. axb5 Nbd7 12. O-O Rxa1 13. Qxa1 Nb6 14. Qa2 Qa8 15.
e4 Nxe4 16. Nxe4 Nxc4 17. Qxc4 Bxd5 18. Qe2 Bxe4 19. Re1 Bxf3 20. gxf3 e6 21.
b4 cxb4 22. Bxb4 Rd8 23. Rc1 Qb7 1/2-1/2

[Event "Rochefort Master 2018"]
[Site "Palais des Congrès de Rochefort"]
[Date "2018.02.17"]
[Round "2.14"]
[White "Galunova, Tsveta"]
[Black "Dimitrov, Radoslav"]
[Result "0-1"]
[WhiteElo "2177"]
[BlackElo "2478"]
[PlyCount "102"]
[EventDate "2018.02.18"]

1. e4 c6 2. d4 d5 3. Nd2 dxe4 4. Nxe4 Bf5 5. Ng3 Bg6 6. h4 h6 7. Nf3 Nd7 8. h5
Bh7 9. Bd3 Bxd3 10. Qxd3 e6 11. Bd2 Ngf6 12. O-O-O Qc7 13. Kb1 O-O-O 14. Ne4
Nxe4 15. Qxe4 Nf6 16. Qe2 Bd6 17. c4 c5 18. Bc3 Rhe8 19. Ne5 cxd4 20. Bxd4 Bxe5
21. Qxe5 Qxe5 22. Bxe5 Rxd1+ 23. Rxd1 Nxh5 24. Rh1 Nf6 25. Bxf6 gxf6 26. Rxh6
f5 27. Rh7 Rf8 28. Kc2 Kd7 29. b4 Ke7 30. Rh3 Rg8 31. Ra3 a6 32. g3 Rg4 33. Rc3
f4 34. gxf4 Rxf4 35. f3 f5 36. Kd2 Rh4 37. a3 Rh2+ 38. Ke3 e5 39. c5 Rh3 40. c6
bxc6 41. Rxc6 e4 42. Rxa6 Rxf3+ 43. Ke2 Rb3 44. Rh6 f4 45. Rh4 Rf3 46. Rh6 Rxa3
47. b5 Ra2+ 48. Kd1 f3 49. Rh4 Ra1+ 50. Kd2 f2 51. Rxe4+ Kd6 0-1

[Event "Rochefort Master 2018"]
[Site "Palais des Congrès de Rochefort"]
[Date "2018.02.17"]
[Round "2.15"]
[White "Gascon Del Nogal, Jose Rafael"]
[Black "Maloberti, David"]
[Result "1-0"]
[WhiteElo "2477"]
[BlackElo "2152"]
[PlyCount "53"]
[EventDate "2018.02.18"]
[BlackTeam "Cercle d'echecs des Sables d'Olonne"]

1. e4 e6 2. d4 d5 3. Nc3 Bb4 4. e5 c5 5. a3 Bxc3+ 6. bxc3 Ne7 7. Qg4 Kf8 8. Bd2
Qc7 9. Bd3 b6 10. Nh3 Ba6 11. Nf4 Bxd3 12. cxd3 Qd7 13. dxc5 bxc5 14. O-O Nbc6
15. Rfe1 Nf5 16. Qf3 h6 17. g4 Nh4 18. Qg3 Ng6 19. Nh5 Kg8 20. f4 Kh7 21. Re2
Rab8 22. Rf1 Rb2 23. f5 Ngxe5 24. g5 hxg5 25. Qxg5 Rg8 26. Rg2 Rxd2 27. Nf6+
1-0

[Event "Rochefort Master 2018"]
[Site "Palais des Congrès de Rochefort"]
[Date "2018.02.17"]
[Round "3.6"]
[White "Ider, Borya"]
[Black "Filip, Lucian-Ioan"]
[Result "1/2-1/2"]
[WhiteElo "2514"]
[BlackElo "2401"]
[PlyCount "47"]
[EventDate "2018.02.18"]
[WhiteTeam "Mulhouse Philidor"]

1. d4 e6 2. e4 d5 3. e5 c5 4. c3 Nc6 5. g3 Qb6 6. Ne2 Nge7 7. Bh3 Nf5 8. Bxf5
exf5 9. O-O Be6 10. a4 cxd4 11. cxd4 Be7 12. Nbc3 O-O 13. Be3 Rfd8 14. Rb1 Rac8
15. Nf4 Nxe5 16. Ncxd5 Bxd5 17. dxe5 Qc6 18. Nxd5 Rxd5 19. Qb3 b6 20. Rbc1 Bc5
21. Bxc5 bxc5 22. Rfe1 c4 23. Qe3 a5 24. Qc3 1/2-1/2

[Event "Rochefort Master 2018"]
[Site "Palais des Congrès de Rochefort"]
[Date "2018.02.17"]
[Round "3.8"]
[White "Solodovnichenko, Yuri"]
[Black "Kulkarni, Rakesh"]
[Result "0-1"]
[WhiteElo "2528"]
[BlackElo "2332"]
[Annotator "chris"]
[PlyCount "74"]
[EventDate "2018.02.18"]
[WhiteTeam "Vandoeuvre-Echecs"]

1. e4 c5 2. Nf3 e6 3. d4 cxd4 4. Nxd4 a6 5. c4 Nf6 6. Nc3 Qc7 7. Be2 Bb4 8. O-O
Nc6 9. Nxc6 dxc6 10. Be3 O-O 11. Na4 e5 12. c5 Ba5 13. Qc2 Be6 14. f4 Bg4 15.
Bd3 Rad8 16. f5 Qd7 17. Bc4 Bd2 18. Bf2 Bf4 19. h3 Bh5 20. g4 Qe7 21. gxh5 Rd2
22. Qb3 Nxe4 23. Qf3 Qg5+ 24. Kh1 Qxf5 25. Bg1 Qxh5 26. Be3 Rh2+ 27. Kg1 Rxh3
28. Qxh5 Bxe3+ 29. Kg2 Rxh5 30. Rae1 Rg5+ 31. Kf3 Nd2+ 32. Kxe3 Nxc4+ 33. Kd3
Rg4 34. b3 Rd8+ 35. Kc2 Rg2+ 36. Kc3 Rg3+ 37. Kc2 Ne3+ 0-1

[Event "Rochefort Master 2018"]
[Site "Palais des Congrès de Rochefort"]
[Date "2018.02.17"]
[Round "3.9"]
[White "Gabrielian, Artur"]
[Black "Le Marec, Simon"]
[Result "1-0"]
[WhiteElo "2502"]
[BlackElo "2237"]
[PlyCount "119"]
[EventDate "2018.02.18"]
[BlackTeam "Echiquier Guingampais"]

1. e4 c5 2. Nf3 a6 3. c3 d5 4. exd5 Qxd5 5. Na3 Nc6 6. Bc4 Qd8 7. O-O e6 8. Nc2
Nf6 9. d4 cxd4 10. Ncxd4 Nxd4 11. Nxd4 Qc7 12. Bd3 Bd6 13. h3 h6 14. Qf3 Bh2+
15. Kh1 Be5 16. Be3 O-O 17. Rad1 Bd7 18. Rfe1 Rad8 19. Bb1 Nd5 20. Bxh6 Bf4 21.
Bxf4 Qxf4 22. Be4 Qxf3 23. Bxf3 Bc8 24. Nb3 Nf6 25. Na5 b6 26. Nc6 Rd7 27. Ne5
Rc7 28. Rd6 b5 29. Red1 g5 30. Rc6 Rxc6 31. Bxc6 Kg7 32. b3 Ng8 33. c4 bxc4 34.
Nxc4 Kf6 35. Nb6 Ke7 36. Bf3 Nf6 37. a4 e5 38. Re1 e4 39. Bxe4 Nxe4 40. Nxc8+
Rxc8 41. Rxe4+ Kd6 42. Rd4+ Ke5 43. Rb4 f5 44. g3 f4 45. Kg2 Rc3 46. gxf4+ gxf4
47. Rb6 a5 48. h4 Kf5 49. f3 Ke5 50. h5 Kd4 51. Re6 Rc5 52. Re4+ Kd3 53. Rxf4
Rxh5 54. b4 axb4 55. Rxb4 Rh8 56. a5 Ra8 57. Ra4 Ke3 58. Kg3 Ra6 59. Kg4 Ra8
60. f4 1-0

[Event "Rochefort Master 2018"]
[Site "Palais des Congrès de Rochefort"]
[Date "2018.02.17"]
[Round "3.10"]
[White "Devallee, Jeremie"]
[Black "Castellanos Rodrigue, Renier"]
[Result "0-1"]
[WhiteElo "2186"]
[BlackElo "2501"]
[PlyCount "62"]
[EventDate "2018.02.18"]
[WhiteTeam "Chartres Metropole Echecs"]

1. e4 c5 2. d4 cxd4 3. c3 d3 4. Bxd3 Nc6 5. c4 e5 6. Nc3 Bc5 7. h3 Nge7 8. Nge2
d6 9. O-O a6 10. a3 O-O 11. b4 Ba7 12. Be3 Nd4 13. Nd5 Nec6 14. Nec3 Be6 15.
Rb1 Ne7 16. Qh5 Rc8 17. Rfc1 Ng6 18. Ne2 Nc6 19. b5 Bxe3 20. Nxe3 Nd4 21. Nxd4
exd4 22. Nd5 Rc5 23. bxa6 bxa6 24. Qd1 Qg5 25. Kh1 Rfc8 26. Bf1 Bxd5 27. exd5
Qf4 28. Rc2 Ne5 29. g3 Qe4+ 30. Bg2 Qf5 31. Rb4 Nd3 0-1

[Event "Rochefort Master 2018"]
[Site "Palais des Congrès de Rochefort"]
[Date "2018.02.17"]
[Round "3.11"]
[White "Giacomini, Hector"]
[Black "Miron, Lucian-Costin"]
[Result "1/2-1/2"]
[WhiteElo "2203"]
[BlackElo "2489"]
[PlyCount "39"]
[EventDate "2018.02.18"]
[WhiteTeam "Echiquier Tourangeau"]
[BlackTeam "Echiquier Medocain"]

1. Nf3 Nf6 2. e3 e6 3. d4 d5 4. c4 a6 5. Nc3 c5 6. cxd5 exd5 7. Be2 Nc6 8. O-O
Bd6 9. dxc5 Bxc5 10. a3 O-O 11. b4 Ba7 12. Bb2 Bg4 13. Rc1 Qd6 14. b5 Na5 15.
bxa6 bxa6 16. Qa4 Bxf3 17. gxf3 Bb6 18. Rfd1 Rab8 19. Rc2 Rfd8 20. Qh4 1/2-1/2

[Event "Rochefort Master 2018"]
[Site "Palais des Congrès de Rochefort"]
[Date "2018.02.17"]
[Round "3.12"]
[White "Kurayan, Ruslan"]
[Black "Jaksland, Tim"]
[Result "1-0"]
[WhiteElo "2374"]
[BlackElo "2205"]
[PlyCount "83"]
[EventDate "2018.02.18"]
[WhiteTeam "Rouen Echecs"]

1. c4 Nf6 2. Nc3 g6 3. g3 Bg7 4. Bg2 O-O 5. d3 d6 6. Nf3 Nc6 7. Rb1 a5 8. a3 e5
9. b4 axb4 10. axb4 h6 11. b5 Ne7 12. O-O Be6 13. Bb2 Rb8 14. c5 Nfd5 15. Qd2
Qd7 16. b6 Nxc3 17. Bxc3 Nc6 18. bxc7 Qxc7 19. cxd6 Qxd6 20. Rb5 Nd4 21. Nxd4
exd4 22. Bb4 Qd7 23. Rb6 Rfe8 24. Bd6 Ra8 25. Bxb7 Ra2 26. Qb4 Bh3 27. Bc6 Qe6
28. Bxe8 Bxf1 29. Qb1 Bxe2 30. Rb7 Qxe8 31. Qxa2 Qe6 32. Qxe6 fxe6 33. f4 Bxd3
34. Be5 Bxe5 35. fxe5 Bf5 36. Kf2 d3 37. Kf3 h5 38. Kf4 Kf8 39. Rd7 Ke8 40. Rd4
Kf7 41. Kg5 Ke7 42. Kh4 1-0

[Event "Rochefort Master 2018"]
[Site "Palais des Congrès de Rochefort"]
[Date "2018.02.17"]
[Round "3.13"]
[White "Stets, Dmitry"]
[Black "Selebran, Henri"]
[Result "1/2-1/2"]
[WhiteElo "2398"]
[BlackElo "2151"]
[Annotator "chris"]
[PlyCount "134"]
[EventDate "2018.02.18"]
[WhiteTeam "Rouen Echecs"]
[BlackTeam "LEC Echiquier Limousin"]

1. e4 d6 2. d4 Nf6 3. Nc3 Nbd7 4. Nf3 e5 5. Bc4 Be7 6. a4 O-O 7. O-O a5 8. Re1
c6 9. Ba2 h6 10. h3 Re8 11. Be3 Bf8 12. dxe5 dxe5 13. Qd3 Qc7 14. Qc4 Nc5 15.
Bxc5 Be6 16. Qe2 Bxc5 17. Bxe6 Rxe6 18. Rad1 Nh5 19. Nh4 Nf4 20. Qf3 Qb6 21.
Rd2 Rf6 22. Nd1 Rd8 23. Rxd8+ Qxd8 24. Ne3 Rd6 25. Nhf5 Rd2 26. Rd1 Bxe3 27.
Nxe3 Ne6 28. Kf1 Nc5 29. Ke1 Rxd1+ 30. Qxd1 Qxd1+ 31. Kxd1 Nxe4 32. Nc4 Nxf2+
33. Ke2 Ne4 34. Ke3 f5 35. Nxe5 Kf8 36. Nc4 Kf7 37. Nxa5 Nd6 38. Kd4 Ke6 39. c4
b5 40. c5 Nc8 41. Nxc6 bxa4 42. g3 g5 43. Nd8+ Kf6 44. c6 h5 45. Nb7 Ke6 46. c7
Kd7 47. Ke5 Kxc7 48. Nc5 Nd6 49. Nxa4 f4 50. gxf4 g4 51. hxg4 hxg4 52. b4 g3
53. Nc3 g2 54. Ne2 Kc6 55. Ng1 Nf7+ 56. Ke6 Nh6 57. Kf6 Kd5 58. Kg6 Ng4 59. f5
Kc4 60. Kg5 Ne5 61. Kf4 Nd7 62. Kg3 Kxb4 63. Kxg2 Kc5 64. Kg3 Kd6 65. Kf4 Ke7
66. Kg5 Kf7 67. Nf3 Kg7 1/2-1/2

[Event "Rochefort Master 2018"]
[Site "Palais des Congrès de Rochefort"]
[Date "2018.02.17"]
[Round "3.14"]
[White "Mariette, Lucas"]
[Black "Shirazi, Kamran"]
[Result "1/2-1/2"]
[WhiteElo "2094"]
[BlackElo "2324"]
[Annotator "chris"]
[PlyCount "94"]
[EventDate "2018.02.18"]
[WhiteTeam "Club d'Echecs de Sautron"]
[BlackTeam "Tremblay en France"]

1. e4 c6 2. d4 d5 3. Nc3 g6 4. Be3 Bg7 5. Qd2 Nf6 6. e5 Ng4 7. Bf4 h5 8. Nf3
Bf5 9. Bd3 Bxd3 10. Qxd3 e6 11. h3 Nh6 12. O-O-O Nd7 13. Kb1 b5 14. g4 Ng8 15.
Rdg1 Ne7 16. Ne2 c5 17. Ng3 h4 18. Ne2 Qb6 19. Be3 Nc6 20. dxc5 Qb8 21. Ned4
Ncxe5 22. Nxe5 Nxe5 23. Qxb5+ Qxb5 24. Nxb5 Nc4 25. Nc7+ Kd7 26. Nxa8 Bxb2 27.
Nb6+ axb6 28. cxb6 Kc6 29. Rd1 e5 30. Rd3 d4 31. Bg5 Bc3 32. Rhd1 Nxb6 33.
Rxc3+ dxc3 34. Rd8 Rxd8 35. Bxd8 Nd5 36. Bxh4 Nf4 37. Bg3 Nxh3 38. Bxe5 Nxf2
39. Bxc3 Nxg4 40. Kc1 Kb5 41. Kd2 Ka4 42. Bb2 f5 43. Ke2 Nh6 44. Ke3 Nf7 45.
Kd4 Nd6 46. Bc1 Nb5+ 47. Ke5 Nc3 1/2-1/2